| 000 | 00713nam a2200229Ia 4500 | ||
|---|---|---|---|
| 003 | OSt | ||
| 005 | 20220923211742.0 | ||
| 006 | a|||||r|||| 00| 0 | ||
| 007 | ta | ||
| 008 | 220922b |||||||| |||| 00| 0 san d | ||
| 024 | _a46,519 | ||
| 037 | _cTextual | ||
| 040 |
_aARTS _cARTS _bsan |
||
| 041 |
_2san _asan |
||
| 082 | _aQ31:26xD9JA:1, 15L4 | ||
| 100 | _aजयसेन | ||
| 245 | 0 | _aधर्मरत्नाकर, आदिनाथ नेमिनाथ उपाध्ये सम्पा | |
| 246 | _aDharmaratnākara, ādināth nemināth upādhye sampā | ||
| 260 | _c1974 | ||
| 942 |
_hQ31:26xD9JA:1, 15L4 _cTEXL _2CC |
||
| 999 |
_c303172 _d303172 |
||